[Event "Ostroda op 6th"]
[Site "Ostroda"]
[Date "2009.08.10"]
[Round "5"]
[White "Jadanowska, Beata"]
[Black "Moszczenski, Milosz"]
[Result "1-0"]
[WhiteElo "1831"]
[BlackElo "1445"]
[PlyCount "91"]
[EventDate "2009.08.07"]
[EventType "swiss"]
[EventRounds "9"]
[EventCountry "POL"]
[SourceTitle "EXT 2011"]
[Source "ChessBase"]
[SourceDate "2010.11.26"]
[SourceVersion "1"]
[SourceVersionDate "2010.11.26"]
[SourceQuality "1"]

1. d4 Nf6 2. c4 e6 3. Nf3 Bb4+ 4. Nc3 0-0 5. Bg5 d6 6. a3 Bxc3+ 7. bxc3 Nbd7 8. e3 b6 9. Bd3 Bb7 10. 0-0 c5 11. Qc2 Qc7 12. Nd2 e5 13. d5 Rae8 14. a4 Bc8 15. h3 h6 16. Bh4 Qd8 17. Ne4 g5 18. Bg3 Nxe4 19. Bxe4 Nf6 20. Bd3 Nh5 21. Qe2 Ng7 22. Bc2 f5 23. f3 f4 24. Bf2 fxe3 25. Bxe3 Bf5 26. g4 Bxc2 27. Qxc2 Qe7 28. Qe4 Rf6 29. Kg2 Ref8 30. Rf2 Ne8 31. Rh1 Qg7 32. h4 Rg6 33. hxg5 hxg5 34. Kg1 Nf6 35. Qd3 Re8 36. Rfh2 e4 37. fxe4 Rxe4 38. Rh8+ Kf7 39. Kf2 Re8 40. Rxe8 Kxe8 41. Qf5 Nd7 42. Kg2 Ne5 43. Qc8+ Ke7 44. Rh8 Nf7 45. Re8+ Kf6 46. Qf5# 1-0

[Event "Ostroda op 6th"]
[Site "Ostroda"]
[Date "2009.08.10"]
[Round "6"]
[White "Renkowski, Piotr"]
[Black "Jadanowska, Beata"]
[Result "1-0"]
[WhiteElo "1688"]
[BlackElo "1831"]
[PlyCount "91"]
[EventDate "2009.08.07"]
[EventType "swiss"]
[EventRounds "9"]
[EventCountry "POL"]
[SourceTitle "EXT 2011"]
[Source "ChessBase"]
[SourceDate "2010.11.26"]
[SourceVersion "1"]
[SourceVersionDate "2010.11.26"]
[SourceQuality "1"]

1. e4 e5 2. Nf3 Nc6 3. Bc4 Be7 4. d3 d6 5. Nc3 Nf6 6. Be3 0-0 7. Qd2 a6 8. h3 Be6 9. Bb3 Nb8 10. 0-0 Nbd7 11. Bxe6 fxe6 12. Ng5 Qc8 13. Nxe6 Re8 14. f4 exf4 15. Nxf4 Ne5 16. Nfd5 Qd8 17. Nxf6+ Bxf6 18. Nd5 Bh4 19. Qc3 c6 20. Bb6 Qg5 21. Nc7 c5 22. Nxa8 Rxa8 23. d4 Ng6 24. Rf5 Qe7 25. Raf1 Qxe4 26. dxc5 dxc5 27. Bxc5 Bf6 28. Rxf6 gxf6 29. Qxf6 Qe8 30. Bd4 Qe7 31. Qxe7 Nxe7 32. Rf3 Nc6 33. Bc3 Rd8 34. Rd3 Rxd3 35. cxd3 Kf7 36. Kf2 Ke6 37. Ke3 Ne7 38. Ke4 Nc8 39. Bb4 Nb6 40. g4 Nd7 41. g5 Ne5 42. h4 Ng6 43. h5 Ne5 44. Bc3 Nd7 45. g6 h6 46. Bg7 1-0

[Event "Ostroda op 6th"]
[Site "Ostroda"]
[Date "2009.08.08"]
[Round "3"]
[White "Jadanowska, Beata"]
[Black "Kotlowska, Anna"]
[Result "1-0"]
[WhiteElo "1831"]
[BlackElo "1645"]
[PlyCount "61"]
[EventDate "2009.08.07"]
[EventType "swiss"]
[EventRounds "9"]
[EventCountry "POL"]
[SourceTitle "EXT 2011"]
[Source "ChessBase"]
[SourceDate "2010.11.26"]
[SourceVersion "1"]
[SourceVersionDate "2010.11.26"]
[SourceQuality "1"]

1. d4 d5 2. c4 c6 3. Nf3 Bg4 4. e3 e6 5. h3 Bh5 6. Nc3 Nf6 7. Bd3 Nbd7 8. 0-0 dxc4 9. Bxc4 Bd6 10. e4 Be7 11. Bg5 Qc8 12. Rc1 0-0 13. Qd3 h6 14. Bd2 Bg6 15. Nh4 Bh7 16. f4 Rd8 17. Qe2 Nb6 18. Bb3 Rxd4 19. f5 exf5 20. Nxf5 Bxf5 21. Rxf5 Qd7 22. Be3 Rxe4 23. Rxf6 Rxe3 24. Rxf7 Rxe2 25. Rxe7+ Kh8 26. Rxd7 Rxb2 27. Rf1 Re8 28. Rff7 Re1+ 29. Kh2 Nd5 30. Nxd5 cxd5 31. Bxd5 1-0

[Event "POL-chT 1st League"]
[Site "Opole"]
[Date "2006.09.10"]
[Round "9"]
[White "Jadanowska, Beata"]
[Black "Cyfka, Karina"]
[Result "0-1"]
[WhiteElo "1873"]
[BlackElo "2331"]
[PlyCount "52"]
[EventDate "2006.09.01"]
[EventType "team-tourn"]
[EventRounds "9"]
[EventCountry "POL"]
[SourceTitle "CBM 114 Extra"]
[Source "ChessBase"]
[SourceDate "2006.11.03"]
[SourceVersion "1"]
[SourceVersionDate "2006.11.03"]
[SourceQuality "1"]
[WhiteTeam "Ostroda Ostrodzianka"]
[BlackTeam "Rybnik Preferow MKSz"]
[WhiteTeamCountry "POL"]
[BlackTeamCountry "POL"]

1. d4 d6 2. c4 e5 3. dxe5 dxe5 4. Qxd8+ Kxd8 5. Nc3 c6 6. Bg5+ f6 7. 0-0-0+ Kc7 8. Bh4 Be6 9. e3 Nh6 10. Bd3 Nd7 11. f3 Nc5 12. Be2 g5 13. Bf2 Nf7 14. Kc2 Be7 15. Nh3 Bf5+ 16. e4 Be6 17. f4 Bxh3 18. gxh3 exf4 19. Rhg1 Rhg8 20. Bg4 Ne5 21. Bxc5 Bxc5 22. Be6 Bxg1 23. Bxg8 Rxg8 24. Rxg1 Nxc4 25. Ne2 f3 26. Nd4 f2 0-1

[Event "POL-chT 1st League"]
[Site "Opole"]
[Date "2006.09.07"]
[Round "6"]
[White "Bednarska, Malgorzata"]
[Black "Jadanowska, Beata"]
[Result "1/2-1/2"]
[WhiteElo "2194"]
[BlackElo "1873"]
[PlyCount "80"]
[EventDate "2006.09.01"]
[EventType "team-tourn"]
[EventRounds "9"]
[EventCountry "POL"]
[SourceTitle "CBM 114 Extra"]
[Source "ChessBase"]
[SourceDate "2006.11.03"]
[SourceVersion "1"]
[SourceVersionDate "2006.11.03"]
[SourceQuality "1"]
[WhiteTeam "Kozuchow Odrodzenie"]
[BlackTeam "Ostroda Ostrodzianka"]
[WhiteTeamCountry "POL"]
[BlackTeamCountry "POL"]

1. e4 e5 2. Nf3 Nc6 3. d4 exd4 4. Nxd4 Bc5 5. Be3 Qf6 6. c3 d6 7. Bc4 Nge7 8. 0-0 Qg6 9. Nxc6 Nxc6 10. Bxc5 dxc5 11. f4 0-0 12. Nd2 b6 13. Bd5 Bb7 14. Qf3 Rad8 15. Rfd1 Na5 16. Bxb7 Nxb7 17. Nc4 Nd6 18. f5 Qg5 19. Nxd6 Rxd6 20. e5 Rd2 21. Rxd2 Qxd2 22. f6 Re8 23. Qg3 Qh6 24. Rf1 Qg6 25. Qf4 h6 26. h4 gxf6 27. exf6 Re2 28. Rf2 Re4 29. Qxc7 Rxh4 30. Rf3 Qb1+ 31. Kf2 Qc2+ 32. Kg3 Qe4 33. Qc8+ Kh7 34. Qf5+ Qxf5 35. Rxf5 Re4 36. Rd5 Re2 37. Rd7 Kg6 38. Rxa7 Rxb2 39. Ra6 Kxf6 40. a4 Rb3 1/2-1/2

[Event "POL-chT 1st League"]
[Site "Opole"]
[Date "2006.09.02"]
[Round "1"]
[White "Sikorska, Agata"]
[Black "Jadanowska, Beata"]
[Result "1/2-1/2"]
[WhiteElo "2101"]
[BlackElo "1873"]
[PlyCount "110"]
[EventDate "2006.09.01"]
[EventType "team-tourn"]
[EventRounds "9"]
[EventCountry "POL"]
[SourceTitle "CBM 114 Extra"]
[Source "ChessBase"]
[SourceDate "2006.11.03"]
[SourceVersion "1"]
[SourceVersionDate "2006.11.03"]
[SourceQuality "1"]
[WhiteTeam "Poznan Lech"]
[BlackTeam "Ostroda Ostrodzianka"]
[WhiteTeamCountry "POL"]
[BlackTeamCountry "POL"]

1. e4 e5 2. Nf3 Nc6 3. Bb5 a6 4. Ba4 Nf6 5. d4 exd4 6. 0-0 Be7 7. e5 Nd5 8. Bb3 Nb6 9. Nxd4 0-0 10. f4 Nxd4 11. Qxd4 d6 12. Nc3 c5 13. Qe4 dxe5 14. fxe5 Qc7 15. Nd5 Nxd5 16. Bxd5 Ra7 17. c4 Be6 18. Be3 b5 19. b3 Qd8 20. Rad1 Rd7 21. Rf2 g6 22. Rdd2 Bg5 23. Bxe6 Bxe3 24. Rxd7 Bxf2+ 25. Kh1 Qg5 26. Bg4 Bd4 27. g3 Qxe5 28. Qxe5 Bxe5 29. Ra7 b4 30. Bf3 f5 31. Bd5+ Kh8 32. Rxa6 f4 33. gxf4 Rxf4 34. Kg2 Bd4 35. Ra7 Rf2+ 36. Kg3 Rb2 37. h4 Be5+ 38. Kg4 Rf2 39. Be6 Rf6 40. Re7 Bd4 41. Bd5 Bb2 42. h5 gxh5+ 43. Kxh5 Ra6 44. Be6 Bc1 45. Bf5 Rxa2 46. Rxh7+ Kg8 47. Rc7 Be3 48. Kg6 Ra6+ 49. Kh5 Rh6+ 50. Kg4 Bd4 51. Kf4 Rd6 52. Ke4 Kf8 53. Bd7 Ke7 54. Bg4+ Kf6 55. Bd7 Ke7 1/2-1/2

[Event "POL-chT 2nd League"]
[Site "Polanica Zdroj"]
[Date "2004.09.09"]
[Round "7"]
[White "Wesolowska, Hanna"]
[Black "Jadanowska, Beata"]
[Result "1-0"]
[WhiteElo "2079"]
[BlackElo "1800"]
[PlyCount "63"]
[EventDate "2004.09.04"]
[EventType "team-swiss"]
[EventRounds "11"]
[EventCountry "POL"]
[SourceTitle "CBM 102 Extra"]
[Source "ChessBase"]
[SourceDate "2004.11.03"]
[SourceVersion "1"]
[SourceVersionDate "2004.11.03"]
[SourceQuality "1"]
[WhiteTeam "Pawlowice GKS Pniowek 74"]
[BlackTeam "Ostroda Ostrodzianka"]
[WhiteTeamCountry "POL"]
[BlackTeamCountry "POL"]

1. d4 d5 2. c4 e6 3. cxd5 exd5 4. Nf3 Nf6 5. Bg5 Be7 6. Qc2 Nc6 7. e3 a6 8. Be2 Be6 9. 0-0 Qd7 10. Rc1 Ne4 11. Bxe7 Qxe7 12. Ne5 Bd7 13. Nxc6 Bxc6 14. Bd3 0-0 15. Bxe4 Qxe4 16. Qxe4 dxe4 17. Rc5 Rac8 18. Nc3 f5 19. d5 Bd7 20. Rc1 Rf6 21. Ne2 c6 22. dxc6 Rcxc6 23. Nd4 Rb6 24. b3 g6 25. Rc7 Be6 26. Re7 Bd5 27. Rc8+ Rf8 28. Rxf8+ Kxf8 29. Rxh7 Rd6 30. Rc7 a5 31. Rc8+ Kf7 32. Ra8 1-0

[Event "POL-ch U16 Girls"]
[Site "Leba"]
[Date "2004.04.04"]
[Round "11"]
[White "Labedzka, Marta"]
[Black "Jadanowska, Beata"]
[Result "1-0"]
[WhiteElo "1898"]
[BlackElo "1600"]
[PlyCount "55"]
[EventDate "2004.03.27"]
[EventType "swiss"]
[EventRounds "11"]
[EventCountry "POL"]
[SourceTitle "EXT 2005"]
[Source "ChessBase"]
[SourceDate "2004.11.15"]
[SourceVersion "1"]
[SourceVersionDate "2004.11.15"]
[SourceQuality "1"]

1. e4 e5 2. Nf3 Nc6 3. Bc4 Be7 4. d4 d6 5. dxe5 dxe5 6. Qxd8+ Bxd8 7. Bb5 Bd7 8. Nc3 Nge7 9. Be3 a6 10. Bc4 Na5 11. Nxe5 Nxc4 12. Nxc4 Ng6 13. 0-0-0 Be6 14. Nd2 0-0 15. Nb3 b6 16. f4 Re8 17. Nd4 Bg4 18. Rd2 b5 19. a3 c5 20. Nc6 Bb6 21. f5 Nh4 22. h3 Nxg2 23. Rxg2 Bf3 24. Rxg7+ Kxg7 25. Rg1+ Kh8 26. Bg5 Bd8 27. Nxd8 Raxd8 28. Bf6# 1-0

[Event "POL-ch U16 Girls"]
[Site "Leba"]
[Date "2004.03.29"]
[Round "4"]
[White "Demidowicz, Alicja"]
[Black "Jadanowska, Beata"]
[Result "1/2-1/2"]
[WhiteElo "1800"]
[BlackElo "1600"]
[PlyCount "91"]
[EventDate "2004.03.27"]
[EventType "swiss"]
[EventRounds "11"]
[EventCountry "POL"]
[SourceTitle "EXT 2005"]
[Source "ChessBase"]
[SourceDate "2004.11.15"]
[SourceVersion "1"]
[SourceVersionDate "2004.11.15"]
[SourceQuality "1"]

1. d4 d5 2. Nf3 Nf6 3. c4 e6 4. Nc3 c6 5. Bg5 Be7 6. e3 0-0 7. Rc1 Nbd7 8. Bd3 dxc4 9. Bxc4 h6 10. Bh4 Nb6 11. Bb3 Bd7 12. 0-0 Rc8 13. Qd3 Nbd5 14. a3 Nh7 15. Bc2 Ndf6 16. e4 g6 17. Ne5 Nh5 18. Bxe7 Qxe7 19. Qe3 Kg7 20. f4 N5f6 21. Rf3 g5 22. fxg5 Nxg5 23. Rg3 Nh5 24. Rxg5+ Qxg5 25. Qxg5+ hxg5 26. Nxd7 Rfd8 27. Nc5 Rxd4 28. Nxb7 Rb8 29. Na5 Rxb2 30. Nxc6 Rd2 31. Nb4 Nf4 32. Kf1 a5 33. Na4 axb4 34. Nxb2 b3 35. Bxb3 Rxb2 36. Bc2 e5 37. g3 Ne6 38. Ke2 Nd4+ 39. Kd3 Ra2 40. a4 Nxc2 41. Rxc2 Rxa4 42. Rf2 Kg6 43. g4 Rd4+ 44. Ke3 Ra4 45. Kd3 Rb4 46. Rg2 1/2-1/2

[Event "POL-ch U16 Girls"]
[Site "Leba"]
[Date "2004.03.27"]
[Round "1"]
[White "Jadanowska, Beata"]
[Black "Cieslukowska, Katarzyna"]
[Result "0-1"]
[WhiteElo "1601"]
[BlackElo "1900"]
[PlyCount "170"]
[EventDate "2004.03.27"]
[EventType "swiss"]
[EventRounds "11"]
[EventCountry "POL"]
[SourceTitle "EXT 2005"]
[Source "ChessBase"]
[SourceDate "2004.11.15"]
[SourceVersion "1"]
[SourceVersionDate "2004.11.15"]
[SourceQuality "1"]

1. d4 e6 2. c4 b6 3. Nc3 Bb7 4. Bf4 Bb4 5. a3 Bxc3+ 6. bxc3 Nf6 7. Nf3 0-0 8. e3 d5 9. Be2 Nbd7 10. Qc2 Rc8 11. 0-0 c5 12. Qb3 Qe7 13. cxd5 Nxd5 14. Bg5 f6 15. Bh4 cxd4 16. cxd4 Rc3 17. Qb2 Rfc8 18. Rfc1 Qd6 19. Bb5 a6 20. Bg3 Rxc1+ 21. Rxc1 Rxc1+ 22. Qxc1 Qe7 23. Bd3 Qd8 24. Bd6 b5 25. Qc2 h6 26. Bh7+ Kh8 27. Bd3 N7b6 28. Bg3 Qc8 29. Qb3 Qc1+ 30. Bf1 Qc3 31. Qxc3 Nxc3 32. Nd2 Kg8 33. Bd6 Bd5 34. Bd3 Nc4 35. Bb4 Na2 36. Ne4 a5 37. Be1 Bxe4 38. Bxe4 a4 39. Bb1 Nc1 40. Bb4 Nb3 41. Bd3 Kf7 42. Kf1 Nc1 43. Bb1 Nb3 44. Bd3 Nc1 45. Bb1 Nb2 46. Bd6 Nbd3 47. Bxd3 Nxd3 48. Ke2 Nb2 49. Bb4 Nc4 50. Kd3 Ke8 51. Kc3 g6 52. Bc5 Kd7 53. e4 Kc6 54. f3 f5 55. exf5 gxf5 56. g4 fxg4 57. fxg4 Ne3 58. h3 Nd5+ 59. Kd2 Nf4 60. h4 Ng6 61. h5 Nh8 62. Bf8 Nf7 63. g5 Nxg5 64. Bxh6 Ne4+ 65. Ke3 Nf6 66. Kf4 Nxh5+ 67. Ke5 Ng3 68. Kxe6 Ne4 69. d5+ Kc7 70. Bf8 Kb6 71. d6 Nc5+ 72. Ke7 Kc6 73. Ke8 Nd7 74. Be7 Nc5 75. Kd8 Nb7+ 76. Ke8 Nxd6+ 77. Kd8 Nc4 78. Bb4 Nb6 79. Ke8 Kd5 80. Kd8 Kc4 81. Ke8 Nd5 82. Bf8 b4 83. axb4 a3 84. Bg7 Nc3 85. b5 a2 0-1